=LDR 00000nam 2200000 4500 =001 INLIS000000000026498 =005 20130612124934 =008 ***********************************ind** =035 ##$$0010-061300000026498 =041 ##$$a ind =082 ##$$a 338.9 =090 ##$$a 338.9, PRA p =100 ##$$a Prayitno, Hadi =245 ##$$a Pengantar ekonomi pembangunan, Hadi Prayitno =260 ##$$a 1986 $b Yogyakarta =300 ##$$a xi, 167 hlm, ilus., 21 cm =650 ##$$a Pembangunan Ekonomi =850 ##$$a NBPNMAT